| 000 | 00559nam a2200193 4500 | ||
|---|---|---|---|
| 001 | 120025 | ||
| 003 | ES-MaACL | ||
| 005 | 20230906191442.0 | ||
| 007 | t| | ||
| 008 | 070214s1959 sp r ||||1| gao d | ||
| 080 | _a74 Maside, Carlos | ||
| 100 | 1 |
_aMaside, Carlos. _978719 |
|
| 245 | 1 | 0 |
_a50 dibuxos de Maside / _climiar de Ramón Piñeiro. |
| 260 |
_aVigo : _bGalaxia, _c1959. |
||
| 300 |
_a1 h., VI p., 4 h., 49 lám., 1 lám. col. ; _c39 cm. |
||
| 600 | 1 | 4 |
_aMaside, Carlos. _978719 |
| 700 | 1 |
_aPiñeiro, Ramón. _992261 |
|
| 852 | 4 |
_aES-MaACL _jB-7741 |
|
| 999 |
_c120025 _d120025 |
||